LIBRARY & INFORMATION CENTRE, KCAET, TAVANUR

ONLINE PUBLIC ACCESS CATALOGUE (OPAC)

Barchester Towers, Vol - 1 / (Record no. 5070)

MARC details
000 -LEADER
fixed length control field 00297cam a2200109ua 4500
082 ## - DEWEY DECIMAL CLASSIFICATION NUMBER
Classification number 823.308
Item number TRO/BA
100 ## - MAIN ENTRY--AUTHOR NAME
Personal name Trollope, Anthony.
245 ## - TITLE STATEMENT
Title Barchester Towers, Vol - 1 /
260 ## - PUBLICATION, DISTRIBUTION, ETC. (IMPRINT)
Place of publication London :
Name of publisher Geoffrey Cambridge Oxford Universities Press ,
Year of publication 1953.
300 ## - PHYSICAL DESCRIPTION
Number of Pages 282 ; .
942 ## - ADDED ENTRY ELEMENTS (KOHA)
Koha item type Books
Holdings
Withdrawn status Lost status Damaged status Home library Current library Date acquired Full call number Accession Number Koha item type
Withdrawn     KAUAET Sanskrit University 07/04/2012 823.308 5019 Books
free website counter